000 01260nam a2200337 a 4500
001 000115000
003 CHAP
005 20220329144508.0
008 180830s2017 mx a ||m |||||||spa d
010 _a111461
011 _a112433
040 _cCHAP
090 _aTesis
100 1 _aRodríguez Rendón, Christian.
_9135415
245 1 0 _aCongelación de semen e inseminación artificial, intrauterina en ovejas criollas obispo
_h[En línea]
_cpor Chistian Rodríguez Rendón.
260 _aChapingo, Méx. :
_bEl autor,
_c2017.
500 _aPara ver el contenido del material haga clic en la liga
502 _aTesis (Ing. Agr. Zootecnista) -- Colegio Superior Agropecuario del Estado de Guerrero
590 _aBATCH-UPD
_b05
_c20180830
_lUCH01
_h0957
590 _aE11695DGD
_b10
_c20190522
_lUCH01
_h1239
590 _aE6339RRR
_b05
_c20180830
_lUCH01
_h0956
590 _aE6339RRR
_b05
_c20180830
_lUCH01
_h1001
650 1 4 _aGanado lanar
_xFecundidad.
_945181
650 1 4 _aGanado lanar
_xInseminación artificial.
_9133930
650 1 4 _aGanado lanar
_xReproducción.
_945220
650 1 4 _aSemen
_xCongelación.
_9103857
856 _aFinding aid
_uhttp://10.13.5.2/tesis/sist115000.pdf
_zTeclea aquí
901 _aBK
942 _cTESIS
942 _n0
999 _c111461
_d111461